[Event "II Torneio Aberto Internacional de Xadrez de Ferreira do Alentejo"]
[Site "Ferreira do Alentejo - Portugal"]
[Date "2019.12.21"]
[Round "9.1"]
[White "Alekseev, Evgeny"]
[Black "Fernandes, Antonio"]
[Result "1-0"]
[BlackElo "2361"]
[WhiteElo "2620"]
[BlackTeam "Ax Portugal / Atlantidiag"]
[LiveChessVersion "1.4.8"]

1. e4 {[%clk 1:30:57]} e5 {[%clk 1:30:47]} 2. Nf3 {[%clk 1:31:21]} Nc6
{[%clk 1:31:11]} 3. Bc4 {[%clk 1:29:57]} Bc5 {[%clk 1:31:24]} 4. c3
{[%clk 1:29:47]} Nf6 {[%clk 1:31:46]} 5. d3 d6 {[%clk 1:29:19]} 6. O-O
{[%clk 1:29:33]} Bb6 {[%clk 1:28:57]} 7. a4 {[%clk 1:15:02]} a6 {[%clk 0:47:20]}
8. Nbd2 O-O 9. h3 {[%clk 1:08:37]} Ne7 {[%clk 0:45:27]} 10. Re1 {[%clk 1:02:34]}
c6 {[%clk 0:42:54]} 11. Nf1 {[%clk 0:57:49]} Ng6 {[%clk 0:42:42]} 12. Ng3
{[%clk 0:57:34]} Ba7 {[%clk 0:30:50]} 13. Bb3 {[%clk 0:54:22]} Be6
{[%clk 0:24:39]} 14. Bc2 {[%clk 0:50:47]} d5 {[%clk 0:23:21]} 15. exd5
{[%clk 0:45:54]} Nxd5 {[%clk 0:23:05]} 16. d4 {[%clk 0:45:45]} exd4
{[%clk 0:22:23]} 17. Nxd4 {[%clk 0:46:11]} Bxd4 {[%clk 0:21:59]} 18. Qxd4
{[%clk 0:46:09]} Qb6 {[%clk 0:19:42]} 19. Qxb6 {[%clk 0:44:23]} Nxb6
{[%clk 0:20:10]} 20. Ne4 {[%clk 0:43:22]} Rad8 {[%clk 0:19:30]} 21. b3
{[%clk 0:34:36]} Nd5 {[%clk 0:02:45]} 22. Ba3 {[%clk 0:27:10]} Rfe8
{[%clk 0:03:14]} 23. c4 {[%clk 0:25:52]} Nf6 {[%clk 0:03:09]} 24. Nd6
{[%clk 0:24:41]} Re7 {[%clk 0:03:35]} 25. a5 {[%clk 0:21:02]} Red7
{[%clk 0:03:45]} 26. Rad1 {[%clk 0:20:53]} Rb8 {[%clk 0:02:12]} 27. Bc1
{[%clk 0:14:04]} Ne8 {[%clk 0:02:12]} 28. Ne4 {[%clk 0:13:03]} Nf8
{[%clk 0:00:36]} 29. Nc5 {[%clk 0:12:31]} Re7 {[%clk 0:00:36]} 30. f4
{[%clk 0:10:33]} g6 {[%clk 0:00:32]} 31. Ba3 {[%clk 0:09:37]} Rc7
{[%clk 0:00:42]} 32. g4 {[%clk 0:09:56]} Ng7 {[%clk 0:00:33]} 33. Nxe6
{[%clk 0:09:46]} Ngxe6 {[%clk 0:00:34]} 34. Bd6 {[%clk 0:10:05]} Rbc8
{[%clk 0:00:32]} 35. Bxc7 {[%clk 0:10:08]} Rxc7 {[%clk 0:00:34]} 36. f5
{[%clk 0:10:35]} gxf5 {[%clk 0:00:45]} 37. gxf5 {[%clk 0:10:44]} Ng5 38. Re8 Kg7
1-0

[Event "II Torneio Aberto Internacional de Xadrez de Ferreira do Alentejo"]
[Site "Ferreira do Alentejo - Portugal"]
[Date "2019.12.21"]
[Round "9.2"]
[White "Chatalbashev, Boris"]
[Black "Liu, Zhaoqi"]
[Result "1/2-1/2"]
[BlackElo "2380"]
[WhiteElo "2542"]
[LiveChessVersion "1.4.8"]

1. Nf3 {[%clk 1:30:55]} Nf6 {[%clk 1:30:34]} 2. c4 {[%clk 1:31:19]} c5
{[%clk 1:29:42]} 3. Nc3 {[%clk 1:31:43]} g6 {[%clk 1:27:12]} 4. d4
{[%clk 1:31:28]} cxd4 {[%clk 1:27:35]} 5. Nxd4 {[%clk 1:31:53]} Bg7
{[%clk 1:27:28]} 6. e4 {[%clk 1:32:19]} Nc6 {[%clk 1:27:52]} 7. Be3
{[%clk 1:32:33]} Ng4 {[%clk 1:24:58]} 8. Qxg4 {[%clk 1:32:56]} Nxd4
{[%clk 1:25:26]} 9. Qd1 {[%clk 1:33:19]} Ne6 {[%clk 1:25:52]} 10. Qd2
{[%clk 1:32:58]} d6 {[%clk 1:25:53]} 11. Be2 {[%clk 1:32:39]} O-O
{[%clk 1:25:25]} 12. O-O {[%clk 1:31:05]} Nc5 {[%clk 1:25:34]} 13. f3
{[%clk 1:29:13]} a5 {[%clk 1:20:11]} 14. Rfd1 {[%clk 1:26:12]} b6
{[%clk 1:18:26]} 15. b3 {[%clk 1:25:02]} Bb7 {[%clk 1:18:48]} 16. Rac1 Bc6
{[%clk 1:04:39]} 17. Qe1 {[%clk 1:07:03]} Qb8 {[%clk 0:59:35]} 18. Nd5
{[%clk 1:06:01]} Bxd5 {[%clk 0:59:59]} 19. cxd5 {[%clk 1:06:05]} Qe8
{[%clk 0:58:21]} 20. Qf1 {[%clk 1:05:56]} f5 {[%clk 0:58:18]} 21. Bb5
{[%clk 1:04:34]} Qf7 {[%clk 0:58:18]} 22. exf5 {[%clk 1:04:41]} Qxf5
{[%clk 0:57:37]} 23. Qe2 {[%clk 1:01:26]} Be5 {[%clk 0:54:57]} 24. Rc4
{[%clk 1:00:53]} Rad8 {[%clk 0:44:22]} 25. Rg4 {[%clk 0:49:07]} Rf7
{[%clk 0:40:35]} 26. Qd2 {[%clk 0:42:58]} Rdf8 {[%clk 0:39:21]} 27. Be2
{[%clk 0:37:05]} Qd7 {[%clk 0:35:52]} 28. h4 {[%clk 0:28:18]} Bg7
{[%clk 0:33:50]} 29. Bd3 {[%clk 0:22:35]} Nxd3 {[%clk 0:31:52]} 30. Qxd3
{[%clk 0:23:03]} b5 {[%clk 0:32:16]} 31. a4 {[%clk 0:21:26]} Rb8 {[%clk 0:31:14]}
32. Rc1 {[%clk 0:18:25]} bxa4 {[%clk 0:31:39]} 33. bxa4 {[%clk 0:18:05]} Rf5
{[%clk 0:28:25]} 34. Rgc4 {[%clk 0:17:34]} Qb7 {[%clk 0:27:38]} 35. Rc7
{[%clk 0:13:36]} Qxd5 {[%clk 0:26:58]} 36. Qxd5+ {[%clk 0:14:01]} Rxd5
{[%clk 0:27:25]} 37. Rxe7 {[%clk 0:14:24]} Re5 {[%clk 0:21:53]} 38. Rxe5
{[%clk 0:13:07]} Bxe5 {[%clk 0:22:16]} 39. Bd2 {[%clk 0:13:23]} Bg3
{[%clk 0:21:31]} 40. Rd1 {[%clk 0:10:27]} Rb2 {[%clk 0:20:51]} 41. Bxa5
{[%clk 0:10:33]} Ra2 {[%clk 0:21:15]} 42. Bc7 {[%clk 0:10:29]} Rxa4
{[%clk 0:21:36]} 43. Bxd6 {[%clk 0:09:49]} Bxd6 {[%clk 0:21:26]} 44. Rxd6
{[%clk 0:10:14]} Rxh4 {[%clk 0:21:50]} 45. g4 {[%clk 0:10:40]} Kf7
{[%clk 0:21:48]} 46. Kg2 {[%clk 0:10:29]} h5 {[%clk 0:21:50]} 47. Rd7+
{[%clk 0:10:53]} Ke6 {[%clk 0:21:17]} 48. Rh7 {[%clk 0:09:56]} Kf6
{[%clk 0:21:18]} 49. Kg1 {[%clk 0:09:52]} Rh3 {[%clk 0:21:31]} 50. Kg2
{[%clk 0:10:18]} hxg4 {[%clk 0:21:45]} 51. Rxh3 {[%clk 0:10:45]} gxh3+
{[%clk 0:22:11]} 1/2-1/2

[Event "II Torneio Aberto Internacional de Xadrez de Ferreira do Alentejo"]
[Site "Ferreira do Alentejo - Portugal"]
[Date "2019.12.21"]
[Round "9.3"]
[White "Malakhatko, Vadim"]
[Black "Avelino, Camila Biscaya"]
[Result "1-0"]
[BlackElo "1774"]
[WhiteElo "2470"]
[BlackTeam "ADRC Mata de Benfica"]
[LiveChessVersion "1.4.8"]

1. d4 {[%clk 1:30:55]} Nf6 {[%clk 1:30:23]} 2. c4 {[%clk 1:31:16]} g6
{[%clk 1:30:25]} 3. Nc3 {[%clk 1:31:39]} Bg7 {[%clk 1:30:20]} 4. e4
{[%clk 1:32:02]} d6 {[%clk 1:30:23]} 5. Nf3 {[%clk 1:32:25]} O-O {[%clk 1:30:09]}
6. Be2 {[%clk 1:32:46]} Nbd7 {[%clk 1:30:09]} 7. O-O {[%clk 1:33:02]} e5
{[%clk 1:30:03]} 8. Qc2 {[%clk 1:33:24]} Qe7 {[%clk 1:28:32]} 9. Bg5
{[%clk 1:31:20]} c6 {[%clk 1:13:36]} 10. d5 {[%clk 1:31:32]} h6 {[%clk 1:04:45]}
11. Bd2 {[%clk 1:31:54]} c5 {[%clk 1:04:41]} 12. g3 {[%clk 1:30:59]} Kh8
{[%clk 0:54:00]} 13. Nh4 {[%clk 1:30:29]} Ng8 {[%clk 0:53:33]} 14. Kh1
{[%clk 1:30:31]} Qd8 {[%clk 0:51:42]} 15. Bd3 {[%clk 1:30:18]} Ndf6
{[%clk 0:49:52]} 16. Ng2 {[%clk 1:29:11]} Ne8 {[%clk 0:43:53]} 17. Rae1
{[%clk 1:27:12]} f5 {[%clk 0:36:52]} 18. f4 {[%clk 1:27:15]} Ne7 {[%clk 0:34:57]}
19. Nh4 {[%clk 1:23:33]} Kh7 {[%clk 0:32:28]} 20. fxe5 {[%clk 1:22:23]} Bxe5
{[%clk 0:26:25]} 21. exf5 {[%clk 1:22:44]} Bxf5 {[%clk 0:25:48]} 22. Bxf5
{[%clk 1:21:51]} Nxf5 {[%clk 0:26:04]} 23. Nxf5 {[%clk 1:22:14]} Rxf5
{[%clk 0:26:23]} 24. Rxf5 {[%clk 1:22:39]} gxf5 {[%clk 0:26:45]} 25. Qxf5+
{[%clk 1:22:55]} Kg7 {[%clk 0:26:42]} 26. Ne4 {[%clk 1:19:05]} Nf6
{[%clk 0:23:02]} 27. Nxc5 {[%clk 1:19:02]} Qb6 {[%clk 0:21:18]} 28. Ne6+
{[%clk 1:12:11]} Kf7 {[%clk 0:21:36]} 29. Bc3 {[%clk 1:08:55]} Bxc3
{[%clk 0:19:36]} 30. bxc3 {[%clk 1:09:20]} Qb2 {[%clk 0:19:12]} 31. Rf1
{[%clk 1:07:55]} Qxc3 {[%clk 0:18:50]} 32. Qh7+ {[%clk 1:08:04]} 1-0

[Event "II Torneio Aberto Internacional de Xadrez de Ferreira do Alentejo"]
[Site "Ferreira do Alentejo - Portugal"]
[Date "2019.12.21"]
[Round "9.4"]
[White "Maksimenko, Andrei"]
[Black "Nie, Xin"]
[Result "1-0"]
[BlackElo "2210"]
[WhiteElo "2463"]
[LiveChessVersion "1.4.8"]

1. d4 {[%clk 1:31:20]} Nf6 {[%clk 1:30:23]} 2. c4 {[%clk 1:31:02]} e6 3. Nf3
{[%clk 1:31:27]} d5 {[%clk 1:30:47]} 4. g3 {[%clk 1:31:51]} Bb4+ {[%clk 1:30:47]}
5. Bd2 {[%clk 1:32:05]} Bd6 {[%clk 1:30:34]} 6. Nc3 {[%clk 1:31:36]} c6
{[%clk 1:27:55]} 7. Bg5 {[%clk 1:30:57]} Nbd7 8. e4 {[%clk 1:31:19]} dxe4
{[%clk 1:25:53]} 9. Nxe4 {[%clk 1:30:02]} Bb4+ {[%clk 1:21:44]} 10. Nc3
{[%clk 1:25:19]} h6 {[%clk 1:16:04]} 11. Bf4 {[%clk 1:10:27]} c5 {[%clk 1:06:21]}
12. Bg2 {[%clk 0:54:13]} Nb6 {[%clk 0:56:16]} 13. O-O {[%clk 0:42:04]} Nxc4
{[%clk 0:42:37]} 14. dxc5 {[%clk 0:34:13]} Qa5 {[%clk 0:37:27]} 15. Qe2
{[%clk 0:30:34]} Qxc5 16. Rac1 Bxc3 {[%clk 0:21:47]} 17. Rxc3 {[%clk 0:30:58]} b5
{[%clk 0:19:06]} 18. b3 {[%clk 0:17:48]} Nd5 {[%clk 0:19:16]} 19. Rcc1 Ba6 20.
bxc4 {[%clk 0:17:07]} bxc4 {[%clk 0:19:45]} 21. Ne5 {[%clk 0:17:16]} Rc8
{[%clk 0:19:58]} 22. Bxd5 {[%clk 0:15:04]} Qxd5 {[%clk 0:19:20]} 23. Rfd1
{[%clk 0:11:15]} Qb5 {[%clk 0:16:45]} 24. a4 {[%clk 0:11:07]} Qb4 25. Ng6 Rg8
{[%clk 0:16:06]} 26. Bd6 {[%clk 0:11:29]} Qxa4 {[%clk 0:15:58]} 27. Ne7 Bb7
{[%clk 0:15:23]} 28. Nxc8 {[%clk 0:09:16]} Qc6 29. f3 {[%clk 0:09:40]} Bxc8
{[%clk 0:15:51]} 30. Rxc4 Qb6+ 31. Bc5 {[%clk 0:10:05]} 1-0

[Event "II Torneio Aberto Internacional de Xadrez de Ferreira do Alentejo"]
[Site "Ferreira do Alentejo - Portugal"]
[Date "2019.12.21"]
[Round "9.5"]
[White "Li, Zhuoling"]
[Black "Carrasco Martinez, Juan"]
[Result "0-1"]
[BlackElo "2385"]
[WhiteElo "2158"]
[BlackTeam ""]
[LiveChessVersion "1.4.8"]

1. e4 {[%clk 1:31:16]} g6 {[%clk 1:29:48]} 2. d4 {[%clk 1:31:16]} Bg7
{[%clk 1:30:14]} 3. Nf3 {[%clk 1:32:06]} d6 {[%clk 1:30:10]} 4. c3
{[%clk 1:32:30]} Nf6 {[%clk 1:30:05]} 5. Bd3 O-O {[%clk 1:30:27]} 6. O-O
{[%clk 1:32:56]} c5 {[%clk 1:23:08]} 7. h3 {[%clk 1:31:01]} Qc7 {[%clk 1:21:16]}
8. Re1 {[%clk 1:30:30]} e5 {[%clk 1:19:09]} 9. d5 {[%clk 1:27:20]} Nbd7
{[%clk 1:14:46]} 10. a4 {[%clk 1:19:35]} h6 {[%clk 1:11:37]} 11. Na3
{[%clk 1:17:51]} a6 {[%clk 1:11:32]} 12. Nc4 b6 {[%clk 1:04:33]} 13. Bd2
{[%clk 1:04:21]} Nh5 {[%clk 1:04:33]} 14. Rb1 {[%clk 0:46:33]} Re8
{[%clk 0:52:27]} 15. b4 b5 {[%clk 0:52:42]} 16. Na5 {[%clk 0:44:31]} c4
{[%clk 0:49:47]} 17. Bc2 {[%clk 0:38:43]} Nb6 {[%clk 0:49:48]} 18. Ra1 Bd7
{[%clk 0:50:13]} 19. axb5 {[%clk 0:37:49]} axb5 {[%clk 0:43:09]} 20. Be3
{[%clk 0:36:00]} Kh7 {[%clk 0:41:36]} 21. Qd2 {[%clk 0:26:36]} Rf8
{[%clk 0:39:21]} 22. g4 {[%clk 0:24:55]} Nf6 {[%clk 0:36:52]} 23. g5
{[%clk 0:23:53]} Ng8 {[%clk 0:36:57]} 24. gxh6 {[%clk 0:22:33]} Bxh6
{[%clk 0:37:01]} 25. Bxh6 {[%clk 0:15:12]} Nxh6 {[%clk 0:30:19]} 26. Qg5
{[%clk 0:14:48]} f6 {[%clk 0:30:12]} 27. Qg3 {[%clk 0:12:51]} Nc8
{[%clk 0:30:33]} 28. Kh2 {[%clk 0:12:53]} Ne7 {[%clk 0:27:48]} 29. Rg1
{[%clk 0:12:11]} Rh8 30. Kg2 {[%clk 0:12:31]} Kg7 {[%clk 0:26:49]} 31. Kf1
{[%clk 0:12:30]} Kf7 {[%clk 0:25:04]} 32. Ke2 {[%clk 0:07:56]} Qb6
{[%clk 0:23:14]} 33. Nd2 {[%clk 0:06:48]} g5 {[%clk 0:22:22]} 34. Qe3 Qc7
{[%clk 0:22:01]} 35. Qf3 {[%clk 0:03:59]} Ng6 {[%clk 0:21:37]} 36. Kd1
{[%clk 0:03:02]} Nf4 {[%clk 0:21:15]} 37. Kc1 {[%clk 0:03:11]} Nxh3 38. Rg3
{[%clk 0:03:34]} Nf4 {[%clk 0:20:44]} 39. Kb2 {[%clk 0:03:23]} Ke7
{[%clk 0:19:40]} 40. Rgg1 {[%clk 0:02:30]} Qb6 41. Nf1 Nf7 {[%clk 0:18:57]} 42.
Qe3 {[%clk 0:02:10]} Qxe3 {[%clk 0:17:10]} 43. Nxe3 {[%clk 0:02:39]} Kd8
{[%clk 0:17:01]} 44. Nc6+ {[%clk 0:01:57]} Kc7 {[%clk 0:14:25]} 45. Ne7
{[%clk 0:01:59]} Rxa1 {[%clk 0:13:51]} 46. Rxa1 {[%clk 0:02:26]} Kb7
{[%clk 0:14:12]} 47. N7f5 {[%clk 0:02:20]} Bxf5 {[%clk 0:13:54]} 48. Nxf5
{[%clk 0:02:46]} Rh2 {[%clk 0:14:06]} 49. Ra5 {[%clk 0:02:55]} Rxf2
{[%clk 0:10:56]} 50. Rxb5+ Kc7 {[%clk 0:11:15]} 51. Ne3 {[%clk 0:03:19]} Nd3+
{[%clk 0:09:15]} 52. Kb1 {[%clk 0:03:01]} g4 53. Nxg4 Rf1+ {[%clk 0:09:31]} 54.
Ka2 {[%clk 0:03:26]} Ng5 55. Ra5 {[%clk 0:00:38]} Nxe4 {[%clk 0:10:14]} 56. Ra3
Rc1 {[%clk 0:09:28]} 57. Ne3 {[%clk 0:01:23]} f5 {[%clk 0:09:45]} 58. b5
{[%clk 0:00:51]} f4 59. Nxc4 Rxc2+ {[%clk 0:10:02]} 60. Kb1 {[%clk 0:00:59]} Rc1+
{[%clk 0:09:53]} 61. Ka2 {[%clk 0:01:26]} Nxc3+ {[%clk 0:10:05]} 62. Kb3 Nxb5
{[%clk 0:09:53]} 0-1

[Event "II Torneio Aberto Internacional de Xadrez de Ferreira do Alentejo"]
[Site "Ferreira do Alentejo - Portugal"]
[Date "2019.12.21"]
[Round "9.6"]
[White "Huhndorf, Arnold"]
[Black "Figuero Toro, Julian Francisco"]
[Result "0-1"]
[BlackElo "2240"]
[WhiteElo "2220"]
[BlackTeam "Cx Montemor-O-Velho/Ctga"]
[LiveChessVersion "1.4.8"]

1. d4 {[%clk 1:30:57]} Nf6 {[%clk 1:30:49]} 2. c4 {[%clk 1:31:17]} g6
{[%clk 1:31:13]} 3. Nc3 {[%clk 1:31:35]} Bg7 {[%clk 1:31:36]} 4. e4
{[%clk 1:32:01]} d6 {[%clk 1:32:01]} 5. Be2 {[%clk 1:32:26]} O-O {[%clk 1:31:08]}
6. Bg5 {[%clk 1:32:47]} h6 7. Be3 c5 {[%clk 1:28:52]} 8. e5 {[%clk 1:24:00]} Ne8
{[%clk 1:28:26]} 9. exd6 Nxd6 {[%clk 1:22:01]} 10. dxc5 {[%clk 1:21:37]} Nf5
{[%clk 1:21:57]} 11. Qxd8 {[%clk 1:20:31]} Rxd8 {[%clk 1:22:18]} 12. Nd5
{[%clk 1:18:53]} Nxe3 {[%clk 1:20:56]} 13. fxe3 Na6 14. O-O-O {[%clk 1:19:00]}
Kf8 {[%clk 1:05:22]} 15. Nf3 {[%clk 1:18:21]} Bd7 {[%clk 1:04:31]} 16. Nd4 e6
{[%clk 0:51:26]} 17. Nc3 {[%clk 1:16:58]} Nxc5 {[%clk 0:51:39]} 18. Nb3
{[%clk 1:15:35]} Nxb3+ {[%clk 0:38:59]} 19. axb3 {[%clk 1:15:45]} Bc6
{[%clk 0:39:22]} 20. Bf3 {[%clk 1:15:54]} Bxf3 {[%clk 0:39:42]} 21. gxf3
{[%clk 1:16:19]} Ke7 {[%clk 0:37:33]} 22. Kc2 {[%clk 1:16:41]} Rac8
{[%clk 0:36:29]} 23. Rxd8 {[%clk 1:15:27]} Rxd8 {[%clk 0:36:48]} 24. b4
{[%clk 1:15:39]} Be5 {[%clk 0:29:37]} 25. h3 {[%clk 1:14:19]} f5 {[%clk 0:25:57]}
26. Ra1 {[%clk 1:14:07]} Bb8 {[%clk 0:25:09]} 27. Nb5 {[%clk 1:10:13]} a6
{[%clk 0:23:40]} 28. Nc3 {[%clk 1:09:00]} Rc8 {[%clk 0:21:16]} 29. b3
{[%clk 1:08:41]} Be5 {[%clk 0:19:47]} 30. Ra5 {[%clk 1:01:21]} Bc7
{[%clk 0:19:04]} 31. Ra1 {[%clk 1:01:38]} Be5 {[%clk 0:19:29]} 32. Ra5
{[%clk 1:02:04]} Bc7 {[%clk 0:19:55]} 33. Ra1 {[%clk 1:02:31]} g5
{[%clk 0:19:46]} 34. Na4 {[%clk 0:52:33]} Bd6 {[%clk 0:09:25]} 35. c5
{[%clk 0:52:10]} Bc7 {[%clk 0:09:36]} 36. Nc3 {[%clk 0:48:24]} h5 37. Kd3
{[%clk 0:38:37]} Be5 {[%clk 0:09:02]} 38. Rg1 {[%clk 0:36:56]} Kf6
{[%clk 0:08:21]} 39. Kc4 {[%clk 0:36:54]} b6 {[%clk 0:07:15]} 40. Ne2
{[%clk 0:35:10]} Bd6 {[%clk 0:01:09]} 41. Ra1 {[%clk 0:26:55]} bxc5
{[%clk 0:01:32]} 42. Rxa6 {[%clk 0:27:22]} cxb4+ {[%clk 0:01:56]} 43. Kb5
{[%clk 0:27:28]} Bc5 {[%clk 0:00:48]} 44. Nd4 {[%clk 0:27:10]} Bxd4
{[%clk 0:01:13]} 45. exd4 {[%clk 0:27:37]} Rd8 {[%clk 0:01:36]} 46. Kxb4
{[%clk 0:25:57]} Rxd4+ {[%clk 0:02:04]} 47. Kc5 {[%clk 0:26:13]} Rd3
{[%clk 0:01:24]} 48. b4 {[%clk 0:26:40]} Rxf3 {[%clk 0:01:38]} 49. b5
{[%clk 0:26:59]} Rc3+ {[%clk 0:01:09]} 50. Kd4 {[%clk 0:26:15]} Rxh3
{[%clk 0:00:54]} 51. b6 {[%clk 0:26:34]} Rb3 52. Kc5 {[%clk 0:26:36]} g4
{[%clk 0:01:33]} 53. Ra4 {[%clk 0:27:01]} Rxb6 {[%clk 0:01:18]} 54. Kxb6
{[%clk 0:27:27]} h4 55. Kc5 {[%clk 0:27:48]} h3 {[%clk 0:01:52]} 56. Kd4
{[%clk 0:28:00]} h2 57. Ra1 {[%clk 0:28:26]} g3 {[%clk 0:02:32]} 0-1

[Event "II Torneio Aberto Internacional de Xadrez de Ferreira do Alentejo"]
[Site "Ferreira do Alentejo - Portugal"]
[Date "2019.12.21"]
[Round "9.7"]
[White "Santos, Isabel Pereira Dos"]
[Black "Guerreiro, Nuno"]
[Result "0-1"]
[BlackElo "2083"]
[WhiteElo "1807"]
[WhiteTeam "Gx Alekhine"]
[BlackTeam "ADRC Mata de Benfica"]
[LiveChessVersion "1.4.8"]

1. d4 {[%clk 1:29:29]} Nc6 {[%clk 1:30:52]} 2. d5 {[%clk 1:29:52]} Nb8
{[%clk 1:31:26]} 3. e4 {[%clk 1:29:32]} d6 {[%clk 1:31:18]} 4. Nc3
{[%clk 1:29:33]} g6 {[%clk 1:31:30]} 5. f4 {[%clk 1:27:51]} Bg7 {[%clk 1:31:39]}
6. Bd2 {[%clk 1:26:19]} c6 {[%clk 1:30:48]} 7. dxc6 Nxc6 {[%clk 1:28:50]} 8. Nf3
{[%clk 1:26:25]} Nf6 {[%clk 1:28:41]} 9. Bd3 O-O {[%clk 1:28:09]} 10. Qe2
{[%clk 1:26:20]} Nb4 11. Bc4 {[%clk 1:23:11]} Nxc2+ {[%clk 1:28:22]} 0-1

[Event "II Torneio Aberto Internacional de Xadrez de Ferreira do Alentejo"]
[Site "Ferreira do Alentejo - Portugal"]
[Date "2019.12.21"]
[Round "9.8"]
[White "Dong, Fabio"]
[Black "Schmitz, Andreas Arnold"]
[Result "1/2-1/2"]
[BlackElo "2013"]
[WhiteElo "1550"]
[WhiteTeam "CX Sintra"]
[LiveChessVersion "1.4.8"]

1. c4 {[%clk 1:30:56]} c5 {[%clk 1:30:42]} 2. g3 {[%clk 1:31:08]} g6
{[%clk 1:30:21]} 3. Bg2 {[%clk 1:30:51]} Bg7 {[%clk 1:30:46]} 4. Nc3
{[%clk 1:31:03]} Nc6 {[%clk 1:29:50]} 5. e4 {[%clk 1:30:52]} b6 {[%clk 1:27:32]}
6. d3 {[%clk 1:30:20]} Bb7 {[%clk 1:27:15]} 7. Nge2 {[%clk 1:30:00]} e6
{[%clk 1:25:12]} 8. O-O {[%clk 1:28:45]} Nge7 {[%clk 1:23:11]} 9. f4
{[%clk 1:14:12]} Nd4 10. Re1 {[%clk 1:03:41]} O-O {[%clk 1:15:57]} 11. Nxd4
{[%clk 1:03:02]} Bxd4+ {[%clk 1:14:10]} 12. Be3 {[%clk 0:58:35]} Bxe3+
{[%clk 1:09:27]} 13. Rxe3 {[%clk 0:58:12]} d5 {[%clk 1:04:44]} 14. Re1
{[%clk 0:51:36]} dxc4 {[%clk 1:00:48]} 15. dxc4 {[%clk 0:51:34]} Qxd1
{[%clk 0:59:01]} 16. Raxd1 {[%clk 0:50:43]} Rfd8 {[%clk 0:55:47]} 17. e5
{[%clk 0:48:23]} Bxg2 {[%clk 0:55:30]} 18. Kxg2 {[%clk 0:46:51]} Nf5
{[%clk 0:54:02]} 19. Kf2 {[%clk 0:45:12]} h5 {[%clk 0:51:26]} 20. Ne4
{[%clk 0:43:38]} Kf8 {[%clk 0:49:40]} 21. h3 {[%clk 0:31:15]} Ke7
{[%clk 0:48:31]} 22. g4 {[%clk 0:28:11]} hxg4 {[%clk 0:45:39]} 23. hxg4
{[%clk 0:28:19]} Nd4 {[%clk 0:40:13]} 24. Nd6 {[%clk 0:28:01]} f6
{[%clk 0:35:55]} 25. Rh1 {[%clk 0:19:45]} Rh8 {[%clk 0:34:54]} 26. b3
{[%clk 0:15:02]} fxe5 {[%clk 0:34:01]} 27. fxe5 {[%clk 0:14:50]} Nc6
{[%clk 0:34:00]} 28. Nb5 {[%clk 0:08:19]} Nxe5 {[%clk 0:32:18]} 29. Rxh8
{[%clk 0:08:28]} Rxh8 {[%clk 0:32:34]} 30. Nxa7 {[%clk 0:08:31]} Ra8
{[%clk 0:30:40]} 31. Nb5 {[%clk 0:07:47]} Rxa2+ {[%clk 0:31:00]} 32. Kg3
{[%clk 0:07:55]} g5 {[%clk 0:28:12]} 33. Re1 {[%clk 0:07:09]} Ng6
{[%clk 0:20:06]} 34. Nc7 {[%clk 0:07:04]} e5 {[%clk 0:18:13]} 35. Nd5+
{[%clk 0:07:12]} Kd6 {[%clk 0:15:35]} 36. Nxb6 {[%clk 0:07:12]} Rd2
{[%clk 0:15:07]} 37. Re3 {[%clk 0:06:46]} Nf4 {[%clk 0:14:39]} 38. Nc8+
{[%clk 0:06:28]} Ke6 {[%clk 0:14:39]} 39. Nb6 {[%clk 0:04:59]} Ne2+
{[%clk 0:12:53]} 40. Kf3 {[%clk 0:03:50]} Nd4+ {[%clk 0:13:09]} 41. Kg3
{[%clk 0:03:20]} Rb2 {[%clk 0:13:13]} 42. Na4 {[%clk 0:03:38]} Re2
{[%clk 0:12:07]} 43. Rxe2 {[%clk 0:03:22]} Nxe2+ {[%clk 0:12:32]} 44. Kf2 Nd4
{[%clk 0:10:18]} 45. Nxc5+ {[%clk 0:04:01]} Kd6 {[%clk 0:09:53]} 46. Ne4+
{[%clk 0:03:57]} Kc6 {[%clk 0:09:37]} 47. b4 {[%clk 0:03:46]} Nc2
{[%clk 0:09:16]} 48. b5+ {[%clk 0:04:00]} Kb6 {[%clk 0:09:40]} 49. Nxg5
{[%clk 0:04:25]} Na3 {[%clk 0:09:57]} 50. Nf7 {[%clk 0:04:27]} Nxc4
{[%clk 0:09:49]} 51. g5 {[%clk 0:04:29]} Nd2 {[%clk 0:08:51]} 52. Ke3
{[%clk 0:04:13]} Nf1+ {[%clk 0:09:16]} 53. Kf2 {[%clk 0:04:00]} Nd2
{[%clk 0:08:29]} 54. Ke3 {[%clk 0:04:20]} Nf1+ {[%clk 0:08:47]} 55. Ke4
{[%clk 0:04:21]} Ng3+ {[%clk 0:08:45]} 56. Kxe5 {[%clk 0:04:41]} Kxb5
{[%clk 0:08:59]} 57. g6 {[%clk 0:04:53]} Nh5 {[%clk 0:09:24]} 58. Nd6+
{[%clk 0:04:42]} Kc6 {[%clk 0:09:42]} 59. Nf5 {[%clk 0:05:05]} Kd7
{[%clk 0:10:01]} 60. Ng3 {[%clk 0:05:08]} Ng7 {[%clk 0:10:10]} 61. Kf6
{[%clk 0:05:31]} Ne8+ {[%clk 0:10:18]} 62. Kf7 {[%clk 0:05:57]} Nd6+
{[%clk 0:09:52]} 63. Kf8 {[%clk 0:06:15]} Ne8 {[%clk 0:10:08]} 64. Nf5
{[%clk 0:06:06]} Nc7 {[%clk 0:10:31]} 65. Kf7 {[%clk 0:06:11]} Ne6
{[%clk 0:10:47]} 66. Nd4 {[%clk 0:06:15]} Nxd4 {[%clk 0:10:53]} 67. g7
{[%clk 0:06:29]} Nf5 {[%clk 0:11:19]} 1/2-1/2

[Event "II Torneio Aberto Internacional de Xadrez de Ferreira do Alentejo"]
[Site "Ferreira do Alentejo - Portugal"]
[Date "2019.12.21"]
[Round "9.9"]
[White "Wesslen, Ulf"]
[Black "Sousa, Diogo Miguel Braz"]
[Result "1-0"]
[BlackElo "1375"]
[WhiteElo "1932"]
[BlackTeam "CXFA"]
[LiveChessVersion "1.4.8"]

1. Nf3 {[%clk 1:31:06]} d5 {[%clk 1:30:50]} 2. g3 c5 {[%clk 1:31:06]} 3. Bg2
{[%clk 1:31:12]} Nc6 {[%clk 1:30:11]} 4. d4 {[%clk 1:29:40]} cxd4
{[%clk 1:30:11]} 5. Nxd4 {[%clk 1:29:48]} Nxd4 {[%clk 1:30:24]} 6. Qxd4
{[%clk 1:28:50]} Nf6 {[%clk 1:29:28]} 7. O-O {[%clk 1:26:40]} e6 {[%clk 1:26:33]}
8. c4 {[%clk 1:25:30]} Rg8 {[%clk 1:25:28]} 9. Nc3 {[%clk 1:20:52]} Bb4 10. Bf4
{[%clk 1:20:44]} Bxc3 {[%clk 1:21:30]} 11. Qxc3 {[%clk 1:17:15]} b6
{[%clk 1:18:16]} 12. Rad1 {[%clk 1:15:34]} Bb7 {[%clk 1:16:41]} 13. e4
{[%clk 1:14:42]} Rc8 {[%clk 1:15:57]} 14. exd5 {[%clk 1:09:22]} Bxd5
{[%clk 1:14:06]} 15. Bxd5 {[%clk 1:08:36]} exd5 {[%clk 1:13:12]} 16. Rfe1+
{[%clk 1:07:43]} Kd7 {[%clk 1:10:55]} 17. Qb4 {[%clk 1:05:44]} Rc5
{[%clk 1:09:39]} 18. Qa4+ {[%clk 1:05:10]} Kc8 {[%clk 1:09:08]} 19. Qa6+
{[%clk 1:05:16]} Kd7 {[%clk 1:09:03]} 20. Qxa7+ {[%clk 1:02:42]} Kc6
{[%clk 1:08:02]} 21. Re7 {[%clk 0:59:30]} Nd7 {[%clk 1:07:27]} 22. Qa4+
{[%clk 0:57:48]} b5 23. Qa6+ {[%clk 0:58:03]} Nb6 {[%clk 1:07:25]} 24. Qb7# 1-0